000 01148cam a22003254a 4500
001 12686293
003 ARRUPE
005 20211014104954.0
008 020221s2004 nyu b 001 0 eng
010 _a 2002017877
020 _a0415938511
035 _a(DLC) 2002017877
035 _a(DLC)2239
040 _aDLC
_cDLC
_dDLC
042 _apcc
050 0 0 _aBC199.M6
_bF6 2004
082 0 0 _a160
_221
100 1 _aFøllesdal, Dagfinn.
_919838
245 1 0 _aReferential opacity and modal logic /
_cDagfinn Føllesdal.
260 _aNew York :
_bRoutledge,
_c2004.
300 _axxxvi, 157 p. ;
_c24 cm.
490 1 _aStudies in philosophy
504 _aIncludes bibliographical references (p. 145-150) and index.
650 0 _aModality (Logic)
_928268
830 0 _aStudies in philosophy (New York, N.Y.)
_950482
856 4 2 _3Publisher description
_uhttp://www.loc.gov/catdir/enhancements/fy0647/2002017877-d.html
906 _a7
_bcbc
_corignew
_d1
_eocip
_f20
_gy-gencatlg
942 _2lcc
_cMONOGRAPH
999 _c130854
_d130854